000 00622nam a2200205Ii 4500
001 10699
003 CO-ViMGA
008 241108s9999||||xx |||||||||||||| ||und||
040 _aCO-ViMGA
_bspa
_erda
_cCO-ViMGA
041 0 _aunk
082 0 4 _a860.09-L864
100 1 _aJuan López Morillas
_955691
245 1 0 _aHacia el 98:
_bliteratura, sociedad, ideología
264 1 _a[Lugar de publicación no identificado] : Ariel, 1972
300 _avolumen
336 _atext
_btxt
_2rdacontent
337 _aunmediated
_bn
_2rdamedia
338 _avolume
_bnc
_2rdacarrier
940 _aidficha_siabuc: 10444. -- ficha_no_siabuc:10699
999 _c53339
_d53339